000 00309nam a22001337a 4500
008 170828b xxu||||| |||| 00| 0 eng d
020 _a2900312464195
041 _aeng
080 _29 ED
_a070
100 _a39
101 _aMED
245 _aNEWS REPORTING AND WRITING
_cBROOKS.B.S
942 _2udc
_cBK
999 _c25183
_d25183